000 00281 a2200109 4500
000 nam a22 7a 4500
005 20260313145137.0
100 _aAI,Qasimi
_91132032
245 _aQuantum information : First course
260 _bCambridge University press
_c2025
942 _cTEXL
999 _c1715383
_d1715383